Fundamental statistics for the social and behavioral sciences

Main Author: Tokunaga, Howard T. (Author)
Language:English
Published: California: Sage Publications, Inc., [2019].
Edition:Second edition.
Subjects:
LEADER 00958cam a2200265 7i4500
001 0000134254
005 20190710090000.0
008 190529c20192019caua x 0 eng
020 # 0 |a 9781506377483 Paperback  
040 # # |a UMT 
090 0 0 |a HA 29   |b .T6 2019 
100 1 # |a Tokunaga, Howard T.   |e author  
245 1 0 |a Fundamental statistics for the social and behavioral sciences   |c Howard T. Tokunaga. 
250 # # |a Second edition. 
264 # 1 |a California:   |b Sage Publications, Inc.,   |c [2019]. 
264 # 4 |c ♭2019. 
300 # # |a xxii, 623 pages:   |b illustrations;   |c 26 cm. 
336 # # |a text  |2 rdacontent 
337 # # |a unmediated  |2 rdamedia 
338 # # |a volume  |2 rdacarrier 
504 0 0 |a Includes bibliographical references and index 
590 # # |a Pusat Pengajian Informatik dan Matematik Gunaan 
650 0 0 |a Psychology --   |x Statistical methods  
650 0 0 |a Social sciences --   |x Statistical methods  
999 |a 1100106599  |b Book  |c Open Shelf  |e KOLEKSI TERBUKA